| 000 | 00584nam a2200217 a 4500 | ||
|---|---|---|---|
| 999 |
_c1282 _d1282 |
||
| 001 | 1282 | ||
| 003 | BD-JhCC | ||
| 005 | 20171106183302.0 | ||
| 008 | 171017s bg |||| ||a| 000 0 ben d | ||
| 035 | _a(BD-JhCC)1282 | ||
| 040 |
_aBD-JhCC _dBD-JhCC |
||
| 041 | _aben | ||
| 082 |
_a7930932 _bHUG |
||
| 100 | _aহুগো, ভিক্টোর | ||
| 245 |
_aলে মিজারেবলস / _cভিক্টোর হুগো, |
||
| 260 | _aঢাকা : | ||
| 300 |
_a918 p.; _c22 cm. |
||
| 650 | _aDetective and mystery stories | ||
| 942 |
_2ddc _cBK |
||